000 00219nam a2200109Ia 4500
100 _a#N/A
942 _cBK
654 _aproduction
245 _aProduction & operations management
260 _b#N/A
546 _aENGLISH
999 _c30867
_d30867